| 000 | 01027 a2200205 4500 | ||
|---|---|---|---|
| 003 | Nust | ||
| 005 | 20221219090015.0 | ||
| 010 | _a 93020910 | ||
| 020 | _a0201608707 : | ||
| 040 | _cNust | ||
| 082 | 0 | 0 | _a303.4833,RHE |
| 100 | 1 |
_aRheingold, Howard. _9105146 |
|
| 245 | 1 | 4 |
_aThe virtual community : _bhomesteading on the electronic frontier / _cHoward Rheingold. |
| 260 |
_aReading, Mass. : _bAddison-Wesley Pub. Co., _cc1993. |
||
| 300 |
_aviii, 325 p. ; _c24 cm. |
||
| 505 | _aIntroduction (Page-1), The Heart in Cyberspace: How the Computerized (Page-38), Visionaries and Convergences (Page-65), Grassroots Group minds (Page-110), Multi-User Dungeons and Alternate Identities (Page-176), Japan and The Net (Page-197), Telematique and Messageries Rose: A Tale of Two Virtual Communites (Page-220), Electronic Frontiers and Online Activists (Page-241), Disinformocracy (Page-276). | ||
| 650 | 0 |
_aComputer networks _xSocial aspects. _9105147 |
|
| 650 | 0 |
_aInternet _xSocial aspects. _912464 |
|
| 942 |
_2ddc _cBK _k303.4833,RHE |
||
| 999 |
_c184790 _d184790 |
||